[Event "M?R 2020 v rapid ?achu druzstev"]
[Site "Turnov"]
[Date "2020.09.13"]
[Round "6.3"]
[White "Blecha LIN, Miroslav"]
[Black "Zeman MOR_A, Matyas"]
[Result "0-1"]
[BlackElo "2255"]
[WhiteElo "2110"]
[LiveChessVersion "1.4.8"]

1. e4 {[%clk 0:15:09]} e6 {[%clk 0:15:09]} 2. d4 {[%clk 0:15:13]} d5
{[%clk 0:15:13]} 3. Nc3 {[%clk 0:15:17]} Nf6 {[%clk 0:15:12]} 4. e5
{[%clk 0:15:12]} Nfd7 {[%clk 0:15:16]} 5. f4 {[%clk 0:15:16]} c5 {[%clk 0:15:19]}
6. Nf3 {[%clk 0:15:17]} Nc6 {[%clk 0:15:23]} 7. Be3 {[%clk 0:15:21]} Be7
{[%clk 0:15:26]} 8. Qd2 {[%clk 0:14:28]} O-O {[%clk 0:15:28]} 9. g3
{[%clk 0:14:25]} b6 {[%clk 0:14:26]} 10. Bg2 {[%clk 0:14:25]} Bb7
{[%clk 0:14:24]} 11. O-O {[%clk 0:14:27]} f5 {[%clk 0:13:06]} 12. exf6
{[%clk 0:14:15]} Bxf6 {[%clk 0:13:01]} 13. Ne2 {[%clk 0:13:56]} Ba6
{[%clk 0:12:48]} 14. Rfe1 {[%clk 0:13:31]} Re8 {[%clk 0:11:59]} 15. c3
{[%clk 0:13:18]} Qe7 {[%clk 0:09:50]} 16. Bf2 {[%clk 0:12:41]} Rac8
{[%clk 0:09:30]} 17. Kh1 {[%clk 0:11:41]} Qf7 {[%clk 0:07:26]} 18. g4
{[%clk 0:11:28]} Qg6 {[%clk 0:06:08]} 19. Bh3 {[%clk 0:09:29]} Qd3
{[%clk 0:06:01]} 20. Qxd3 {[%clk 0:09:16]} Bxd3 {[%clk 0:06:05]} 21. g5
{[%clk 0:09:21]} Bd8 {[%clk 0:06:09]} 22. Ng3 {[%clk 0:09:20]} Kf7
{[%clk 0:05:09]} 23. Re3 {[%clk 0:09:03]} c4 {[%clk 0:04:14]} 24. Rae1
{[%clk 0:09:05]} Nf8 {[%clk 0:04:18]} 25. f5 {[%clk 0:08:58]} Be7
{[%clk 0:03:36]} 26. fxe6+ {[%clk 0:08:00]} Kg8 {[%clk 0:03:41]} 27. Ne5
{[%clk 0:08:03]} Nxe5 {[%clk 0:03:43]} 28. Rxe5 {[%clk 0:08:06]} Ng6
{[%clk 0:03:42]} 29. Bf5 {[%clk 0:07:31]} Nxe5 {[%clk 0:03:30]} 30. Rxe5
{[%clk 0:07:34]} g6 {[%clk 0:02:33]} 31. Bg4 {[%clk 0:07:08]} Bd6
{[%clk 0:02:12]} 32. Rxd5 {[%clk 0:07:10]} Bxg3 {[%clk 0:02:16]} 0-1

[Event "M?R 2020 v rapid ?achu druzstev"]
[Site "Turnov"]
[Date "2020.09.13"]
[Round "6.5"]
[White "Pulpan DPP, Jakub"]
[Black "Vykouk TUR_A, Jan"]
[Result "1-0"]
[BlackElo "2444"]
[WhiteElo "2493"]
[LiveChessVersion "1.4.8"]

1. Nf3 {[%clk 0:15:07]} Nf6 {[%clk 0:15:09]} 2. b3 {[%clk 0:15:11]} d6
{[%clk 0:15:11]} 3. d4 {[%clk 0:15:15]} g6 {[%clk 0:15:11]} 4. Bb2
{[%clk 0:15:20]} Bg7 {[%clk 0:15:15]} 5. g3 {[%clk 0:15:23]} O-O {[%clk 0:15:18]}
6. Bg2 {[%clk 0:15:27]} Nbd7 {[%clk 0:15:19]} 7. O-O {[%clk 0:15:31]} c6
{[%clk 0:15:21]} 8. Nbd2 {[%clk 0:15:34]} d5 {[%clk 0:15:09]} 9. Re1
{[%clk 0:15:05]} Re8 {[%clk 0:14:59]} 10. c4 {[%clk 0:13:40]} a5 {[%clk 0:14:54]}
11. a3 {[%clk 0:13:15]} a4 {[%clk 0:13:55]} 12. b4 {[%clk 0:13:15]} b5
{[%clk 0:12:02]} 13. c5 {[%clk 0:13:07]} Qc7 {[%clk 0:11:14]} 14. h3
{[%clk 0:12:32]} h6 {[%clk 0:11:14]} 15. Ne5 {[%clk 0:11:27]} Nxe5
{[%clk 0:08:45]} 16. dxe5 {[%clk 0:11:31]} Nd7 {[%clk 0:08:48]} 17. f4
{[%clk 0:11:30]} f5 {[%clk 0:07:17]} 18. exf6 {[%clk 0:11:21]} Nxf6
{[%clk 0:06:50]} 19. e4 {[%clk 0:10:08]} dxe4 {[%clk 0:06:11]} 20. Be5
{[%clk 0:10:03]} Qb7 {[%clk 0:04:07]} 21. Nxe4 {[%clk 0:09:59]} Bf5
{[%clk 0:02:54]} 22. Bxf6 {[%clk 0:09:33]} exf6 {[%clk 0:01:59]} 23. Nd6
{[%clk 0:09:33]} Rxe1+ 24. Qxe1 {[%clk 0:09:37]} Qd7 {[%clk 0:02:05]} 25. Nxf5
{[%clk 0:09:33]} Qxf5 {[%clk 0:02:09]} 26. Bxc6 {[%clk 0:09:24]} Rd8
{[%clk 0:02:13]} 27. Rc1 {[%clk 0:08:10]} Qxh3 {[%clk 0:00:51]} 28. Bg2
{[%clk 0:07:57]} Qd7 {[%clk 0:00:41]} 29. c6 {[%clk 0:07:41]} Qc7
{[%clk 0:00:44]} 30. Rd1 {[%clk 0:06:34]} f5 {[%clk 0:00:10]} 31. Qe6+
{[%clk 0:05:54]} Kh7 {[%clk 0:00:14]} 32. Rxd8 {[%clk 0:05:56]} Qxd8
{[%clk 0:00:17]} 33. Kh2 {[%clk 0:05:57]} h5 {[%clk 0:00:08]} 34. Qd5
{[%clk 0:05:23]} Qb6 {[%clk 0:00:08]} 35. Kh3 {[%clk 0:04:16]} h4
{[%clk 0:00:08]} 36. Kxh4 {[%clk 0:03:40]} Bf6+ {[%clk 0:00:13]} 37. Kh3
{[%clk 0:03:44]} Kh6 {[%clk 0:00:16]} 38. Qf7 {[%clk 0:03:40]} Bd8
{[%clk 0:00:08]} 39. Qf8+ {[%clk 0:03:36]} Kh7 {[%clk 0:00:12]} 40. Bd5
{[%clk 0:03:39]} Qd4 {[%clk 0:00:07]} 41. Bg8+ {[%clk 0:03:41]} Kh8
{[%clk 0:15:05]} 42. Bf7+ 1-0

[Event "M?R 2020 v rapid ?achu druzstev"]
[Site "Turnov"]
[Date "2020.09.13"]
[Round "6.6"]
[White "Simacek TUR_A, Pavel"]
[Black "Kourousis DPP, Epameinondas"]
[Result "1/2-1/2"]
[BlackElo "2418"]
[WhiteElo "2400"]
[LiveChessVersion "1.4.8"]

1. e4 {[%clk 0:15:07]} c6 {[%clk 0:15:00]} 2. d4 {[%clk 0:15:10]} d5
{[%clk 0:15:03]} 3. Nd2 {[%clk 0:15:07]} dxe4 {[%clk 0:15:04]} 4. Nxe4
{[%clk 0:15:10]} Nf6 {[%clk 0:15:08]} 5. Nxf6+ {[%clk 0:15:06]} exf6
{[%clk 0:15:12]} 6. c3 {[%clk 0:15:09]} Bd6 {[%clk 0:15:13]} 7. Bd3
{[%clk 0:15:12]} Qc7 {[%clk 0:14:57]} 8. Ne2 {[%clk 0:14:39]} Be6
{[%clk 0:14:42]} 9. Ng3 {[%clk 0:12:23]} Nd7 {[%clk 0:14:10]} 10. Nh5
{[%clk 0:10:22]} O-O {[%clk 0:13:12]} 11. Qf3 {[%clk 0:07:38]} Rfe8
{[%clk 0:11:17]} 12. O-O {[%clk 0:05:22]} Bxh2+ {[%clk 0:10:56]} 13. Kh1
{[%clk 0:05:27]} Bd6 {[%clk 0:11:00]} 14. c4 {[%clk 0:05:27]} g6 {[%clk 0:07:04]}
15. Nxf6+ {[%clk 0:03:12]} Nxf6 {[%clk 0:07:04]} 16. Qxf6 {[%clk 0:03:16]} Qd8
{[%clk 0:04:46]} 17. Qxd8 {[%clk 0:02:55]} Raxd8 {[%clk 0:04:42]} 18. Be3
{[%clk 0:02:37]} Be7 {[%clk 0:04:38]} 19. Rfd1 {[%clk 0:02:30]} Bf6
{[%clk 0:04:36]} 20. Bf1 {[%clk 0:02:20]} b6 {[%clk 0:03:20]} 21. a4
{[%clk 0:02:13]} Rd7 {[%clk 0:02:52]} 22. a5 {[%clk 0:00:54]} Red8
{[%clk 0:02:06]} 23. axb6 axb6 {[%clk 0:02:10]} 24. d5 {[%clk 0:01:00]} cxd5
{[%clk 0:02:06]} 25. Bxb6 {[%clk 0:01:04]} Rb8 {[%clk 0:01:54]} 26. c5
{[%clk 0:01:08]} Bxb2 {[%clk 0:01:37]} 27. Rab1 {[%clk 0:01:11]} Be5
{[%clk 0:01:12]} 28. Bb5 {[%clk 0:01:13]} Re7 {[%clk 0:00:58]} 29. Bc6
{[%clk 0:01:12]} Bc7 {[%clk 0:00:28]} 30. Bxd5 {[%clk 0:01:00]} Bxd5
{[%clk 0:00:07]} 31. Rxd5 {[%clk 0:01:00]} Re6 {[%clk 0:00:08]} 32. Rd3
{[%clk 0:00:49]} Bxb6 {[%clk 0:00:12]} 33. Rdb3 {[%clk 0:00:53]} Bc7
{[%clk 0:00:06]} 34. Rxb8+ Bxb8 {[%clk 0:00:11]} 35. Rxb8+ {[%clk 0:01:00]} Kg7
{[%clk 0:00:15]} 1/2-1/2

[Event "M?R 2020 v rapid ?achu druzstev"]
[Site "Turnov"]
[Date "2020.09.13"]
[Round "6.7"]
[White "Burdalev DPP, Kirill"]
[Black "Kraus TUR_A, Tomas"]
[Result "1/2-1/2"]
[BlackElo "2391"]
[WhiteElo "2299"]
[LiveChessVersion "1.4.8"]

1. d4 {[%clk 0:15:08]} d5 {[%clk 0:14:45]} 2. Bf4 {[%clk 0:15:11]} c5
{[%clk 0:14:37]} 3. e3 {[%clk 0:15:15]} cxd4 {[%clk 0:14:12]} 4. exd4
{[%clk 0:15:17]} Nc6 {[%clk 0:14:17]} 5. c3 {[%clk 0:15:18]} e6 {[%clk 0:14:16]}
6. Nd2 {[%clk 0:15:10]} Bd6 {[%clk 0:14:18]} 7. Bg3 {[%clk 0:15:13]} Nge7
{[%clk 0:14:22]} 8. Bd3 {[%clk 0:15:17]} Qc7 {[%clk 0:14:26]} 9. Ne2
{[%clk 0:15:20]} f6 {[%clk 0:13:17]} 10. O-O {[%clk 0:13:46]} Bd7
{[%clk 0:12:08]} 11. Bxd6 {[%clk 0:11:08]} Qxd6 {[%clk 0:12:12]} 12. c4
{[%clk 0:11:12]} O-O {[%clk 0:11:16]} 13. Rc1 {[%clk 0:11:08]} Be8
{[%clk 0:10:53]} 14. cxd5 {[%clk 0:10:02]} Nxd5 {[%clk 0:10:43]} 15. Ne4
{[%clk 0:10:05]} Qe7 {[%clk 0:10:20]} 16. Qd2 {[%clk 0:09:43]} Bf7
{[%clk 0:10:07]} 17. Rfe1 {[%clk 0:09:32]} Rfd8 {[%clk 0:10:06]} 18. a3
{[%clk 0:08:39]} Rac8 {[%clk 0:10:10]} 19. Bb5 {[%clk 0:08:12]} Nb8
{[%clk 0:09:23]} 20. Rxc8 {[%clk 0:08:10]} Rxc8 {[%clk 0:09:26]} 21. Nf4
{[%clk 0:07:46]} Nxf4 {[%clk 0:08:27]} 22. Qxf4 {[%clk 0:07:50]} Qc7
{[%clk 0:07:41]} 23. Qe3 {[%clk 0:06:23]} Nd7 {[%clk 0:05:27]} 24. Ba4
{[%clk 0:04:16]} Nb6 {[%clk 0:04:27]} 25. Bb3 {[%clk 0:04:20]} Nd5
{[%clk 0:04:31]} 26. Bxd5 {[%clk 0:03:19]} exd5 {[%clk 0:04:34]} 1/2-1/2

[Event "M?R 2020 v rapid ?achu druzstev"]
[Site "Turnov"]
[Date "2020.09.13"]
[Round "6.8"]
[White "Studnicka TUR_A, Tomas"]
[Black "Pribyl DPP, Josef"]
[Result "1-0"]
[BlackElo "2256"]
[WhiteElo "2336"]
[LiveChessVersion "1.4.8"]

1. d4 {[%clk 0:15:08]} Nf6 {[%clk 0:15:09]} 2. Bf4 {[%clk 0:15:07]} d5
{[%clk 0:15:06]} 3. e3 {[%clk 0:15:09]} e6 {[%clk 0:15:09]} 4. Nf3
{[%clk 0:15:12]} c5 {[%clk 0:15:12]} 5. c3 {[%clk 0:15:17]} Bd6 {[%clk 0:15:05]}
6. Bg3 {[%clk 0:15:21]} Nc6 {[%clk 0:14:59]} 7. Nbd2 {[%clk 0:15:24]} Bxg3
{[%clk 0:15:00]} 8. hxg3 {[%clk 0:15:27]} Qb6 {[%clk 0:15:03]} 9. Qc2
{[%clk 0:15:10]} Bd7 {[%clk 0:14:58]} 10. Bd3 {[%clk 0:14:42]} h6
{[%clk 0:14:56]} 11. Be2 {[%clk 0:13:53]} Rc8 {[%clk 0:14:56]} 12. Nb3
{[%clk 0:13:33]} cxd4 {[%clk 0:14:50]} 13. exd4 {[%clk 0:13:34]} Na5
{[%clk 0:14:28]} 14. Ne5 {[%clk 0:12:58]} Ba4 {[%clk 0:13:44]} 15. Qd3
{[%clk 0:11:57]} a6 {[%clk 0:13:10]} 16. Nxa5 {[%clk 0:11:56]} Qxa5
{[%clk 0:13:13]} 17. Qd2 {[%clk 0:11:35]} Bb5 {[%clk 0:13:11]} 18. g4
{[%clk 0:10:56]} Bxe2 {[%clk 0:13:11]} 19. Kxe2 {[%clk 0:09:51]} Qb5+
{[%clk 0:12:32]} 20. Ke1 {[%clk 0:09:54]} Ne4 {[%clk 0:12:31]} 21. Qe2
{[%clk 0:09:57]} Qxe2+ {[%clk 0:12:19]} 22. Kxe2 {[%clk 0:10:01]} Ke7
{[%clk 0:12:19]} 23. Rh3 {[%clk 0:09:58]} Rhd8 {[%clk 0:11:56]} 24. f3
{[%clk 0:09:51]} Nd6 {[%clk 0:11:59]} 25. a3 {[%clk 0:09:20]} Nc4
{[%clk 0:11:52]} 26. Nd3 {[%clk 0:08:54]} Rd6 {[%clk 0:11:45]} 27. Rc1
{[%clk 0:07:56]} Rb6 {[%clk 0:11:42]} 28. Rc2 {[%clk 0:07:59]} a5
{[%clk 0:11:39]} 29. f4 {[%clk 0:07:19]} f6 {[%clk 0:11:16]} 30. Kd1
{[%clk 0:07:19]} Kd6 {[%clk 0:11:11]} 31. Re2 {[%clk 0:06:57]} Re8
{[%clk 0:11:00]} 32. Rh5 {[%clk 0:06:41]} Rc6 {[%clk 0:10:18]} 33. Nc5
{[%clk 0:05:54]} b6 {[%clk 0:10:03]} 34. Nd3 {[%clk 0:05:57]} Kd7
{[%clk 0:09:53]} 35. Kc2 {[%clk 0:05:19]} Nd6 {[%clk 0:09:55]} 36. f5
{[%clk 0:04:49]} exf5 {[%clk 0:09:07]} 37. Rxe8 {[%clk 0:04:52]} Kxe8
{[%clk 0:08:51]} 38. gxf5 {[%clk 0:04:56]} Nc4 {[%clk 0:08:01]} 39. Nf4
{[%clk 0:04:34]} Rd6 {[%clk 0:07:52]} 40. Rh3 {[%clk 0:04:16]} Kf7
{[%clk 0:07:47]} 41. g4 {[%clk 0:03:47]} Rd7 {[%clk 0:07:42]} 42. a4
{[%clk 0:03:45]} Re7 {[%clk 0:07:01]} 43. b3 {[%clk 0:03:47]} Ne3+
{[%clk 0:06:59]} 44. Kd2 {[%clk 0:03:44]} Nxg4 {[%clk 0:06:43]} 45. Nxd5
{[%clk 0:03:47]} Rb7 {[%clk 0:06:13]} 46. Rh4 {[%clk 0:03:47]} h5
{[%clk 0:05:59]} 47. Rxh5 {[%clk 0:03:48]} Nh6 {[%clk 0:06:03]} 48. c4
{[%clk 0:03:44]} Rb8 {[%clk 0:05:55]} 49. Kc3 {[%clk 0:03:47]} Rb7
{[%clk 0:05:59]} 50. b4 {[%clk 0:03:34]} axb4+ {[%clk 0:06:02]} 51. Kxb4
{[%clk 0:03:38]} Ng4 {[%clk 0:05:59]} 52. Kb5 {[%clk 0:03:34]} Rb8
{[%clk 0:06:01]} 53. Rh4 {[%clk 0:03:13]} Nh6 {[%clk 0:06:04]} 54. Rf4
{[%clk 0:03:07]} g5 {[%clk 0:06:03]} 55. fxg6+ {[%clk 0:03:09]} 1-0

[Event "M?R 2020 v rapid ?achu druzstev"]
[Site "Turnov"]
[Date "2020.09.13"]
[Round "7.1"]
[White "Polak MOR_A, Tomas"]
[Black "Cech TUR_B, Pavel"]
[Result "1/2-1/2"]
[BlackElo "2406"]
[WhiteElo "2528"]
[LiveChessVersion "1.4.8"]

1. d4 {[%clk 0:15:07]} d5 {[%clk 0:15:09]} 2. c4 {[%clk 0:15:07]} c6
{[%clk 0:15:13]} 3. Nc3 {[%clk 0:15:06]} Nf6 {[%clk 0:15:16]} 4. Nf3
{[%clk 0:15:09]} dxc4 {[%clk 0:15:19]} 5. a4 {[%clk 0:15:13]} Bf5
{[%clk 0:15:23]} 6. Nh4 {[%clk 0:15:15]} e6 {[%clk 0:14:36]} 7. Nxf5
{[%clk 0:15:13]} exf5 {[%clk 0:14:40]} 8. e3 {[%clk 0:15:11]} Bd6
{[%clk 0:14:37]} 9. Bxc4 {[%clk 0:15:10]} Qe7 {[%clk 0:14:12]} 10. Qc2
{[%clk 0:13:34]} g6 {[%clk 0:14:15]} 11. h3 {[%clk 0:13:01]} Nbd7
{[%clk 0:12:07]} 12. a5 {[%clk 0:12:27]} O-O {[%clk 0:11:20]} 13. Bd2
{[%clk 0:11:09]} c5 {[%clk 0:10:35]} 14. O-O {[%clk 0:10:49]} cxd4
{[%clk 0:09:51]} 15. exd4 {[%clk 0:10:50]} Rac8 {[%clk 0:09:49]} 16. Rfe1
{[%clk 0:10:28]} Qd8 {[%clk 0:09:52]} 17. Qb3 {[%clk 0:09:54]} Qc7
{[%clk 0:09:22]} 18. Be2 {[%clk 0:09:40]} Bh2+ {[%clk 0:08:28]} 19. Kh1
{[%clk 0:09:01]} a6 {[%clk 0:07:21]} 20. Bf3 {[%clk 0:08:10]} Bf4
{[%clk 0:07:15]} 21. Bxf4 {[%clk 0:05:13]} Qxf4 {[%clk 0:07:18]} 22. Nd5
{[%clk 0:05:05]} Nxd5 {[%clk 0:07:04]} 23. Qxd5 {[%clk 0:05:09]} Nf6
{[%clk 0:06:25]} 24. Qe5 {[%clk 0:05:06]} Qh4 {[%clk 0:05:09]} 25. Kg1
{[%clk 0:04:14]} Rfe8 {[%clk 0:03:55]} 26. Qg3 {[%clk 0:04:17]} Qxg3
{[%clk 0:03:56]} 27. fxg3 {[%clk 0:04:16]} Ne4 {[%clk 0:03:58]} 28. Rac1
{[%clk 0:04:13]} Rxc1 {[%clk 0:03:57]} 29. Rxc1 {[%clk 0:04:17]} Re7
{[%clk 0:04:01]} 30. g4 {[%clk 0:04:08]} fxg4 {[%clk 0:03:58]} 31. Bxg4
{[%clk 0:04:07]} f5 {[%clk 0:04:00]} 32. Bf3 {[%clk 0:04:10]} Kf7
{[%clk 0:04:02]} 33. h4 {[%clk 0:03:53]} Kf6 {[%clk 0:03:08]} 34. Rc8
{[%clk 0:03:40]} Rd7 {[%clk 0:03:06]} 35. Rb8 {[%clk 0:03:27]} Ke6
{[%clk 0:03:04]} 36. Bxe4 {[%clk 0:03:19]} fxe4 {[%clk 0:03:07]} 37. Kf2
{[%clk 0:03:21]} Rxd4 {[%clk 0:03:04]} 38. Rxb7 {[%clk 0:03:22]} Rd2+
{[%clk 0:03:04]} 39. Ke3 {[%clk 0:03:22]} Rxg2 {[%clk 0:03:07]} 40. b4
{[%clk 0:03:13]} Kd5 {[%clk 0:02:25]} 41. Rd7+ {[%clk 0:02:59]} Kc6
{[%clk 0:02:24]} 42. Rxh7 {[%clk 0:02:12]} Rg4 {[%clk 0:01:49]} 43. Ra7
{[%clk 0:01:40]} Kb5 {[%clk 0:01:45]} 44. Rb7+ {[%clk 0:01:43]} Kc4
{[%clk 0:01:43]} 45. Rb6 {[%clk 0:00:51]} Rxh4 {[%clk 0:01:41]} 46. Rxa6
{[%clk 0:00:44]} Kxb4 {[%clk 0:01:37]} 1/2-1/2

[Event "M?R 2020 v rapid ?achu druzstev"]
[Site "Turnov"]
[Date "2020.09.13"]
[Round "7.2"]
[White "Sodoma TUR_B, Jan"]
[Black "Pisk MOR_A, Petr"]
[Result "1/2-1/2"]
[BlackElo "2379"]
[WhiteElo "2324"]
[LiveChessVersion "1.4.8"]

1. d4 {[%clk 0:15:07]} Nf6 {[%clk 0:14:57]} 2. c4 {[%clk 0:15:09]} e6
{[%clk 0:14:58]} 3. Nc3 {[%clk 0:15:12]} d5 {[%clk 0:14:56]} 4. Nf3
{[%clk 0:15:15]} c5 {[%clk 0:14:01]} 5. cxd5 {[%clk 0:15:09]} Nxd5
{[%clk 0:14:05]} 6. e4 {[%clk 0:15:11]} Nxc3 {[%clk 0:14:07]} 7. bxc3
{[%clk 0:15:14]} cxd4 {[%clk 0:14:10]} 8. cxd4 {[%clk 0:15:18]} Bb4+
{[%clk 0:14:12]} 9. Bd2 {[%clk 0:15:20]} Bxd2+ {[%clk 0:14:14]} 10. Qxd2
{[%clk 0:15:23]} O-O {[%clk 0:14:14]} 11. Bc4 {[%clk 0:15:25]} Nd7
{[%clk 0:13:41]} 12. O-O {[%clk 0:15:24]} b6 {[%clk 0:13:44]} 13. Rad1
{[%clk 0:14:55]} Bb7 {[%clk 0:13:41]} 14. Qf4 {[%clk 0:14:51]} Rc8
{[%clk 0:13:18]} 15. Bd3 {[%clk 0:14:29]} Qf6 {[%clk 0:12:22]} 16. Qe3
{[%clk 0:14:24]} Qh6 {[%clk 0:10:25]} 17. Qxh6 {[%clk 0:14:05]} gxh6
{[%clk 0:10:29]} 18. Rfe1 {[%clk 0:13:35]} Rc3 {[%clk 0:08:31]} 19. h3
{[%clk 0:08:34]} 1/2-1/2

[Event "M?R 2020 v rapid ?achu druzstev"]
[Site "Turnov"]
[Date "2020.09.13"]
[Round "7.3"]
[White "Zeman MOR_A, Matyas"]
[Black "Liska TUR_B, Jiri"]
[Result "1-0"]
[BlackElo "2224"]
[WhiteElo "2255"]
[LiveChessVersion "1.4.8"]

1. d4 {[%clk 0:15:08]} Nf6 {[%clk 0:15:05]} 2. Bg5 {[%clk 0:15:10]} Ne4
{[%clk 0:14:58]} 3. h4 {[%clk 0:15:12]} c5 {[%clk 0:14:40]} 4. d5
{[%clk 0:15:15]} Qb6 {[%clk 0:14:12]} 5. Nd2 {[%clk 0:15:17]} Nxg5
{[%clk 0:13:42]} 6. hxg5 {[%clk 0:15:21]} h6 {[%clk 0:13:34]} 7. Ngf3
{[%clk 0:15:07]} g6 {[%clk 0:13:20]} 8. e4 {[%clk 0:14:32]} d6 {[%clk 0:13:01]}
9. Nc4 {[%clk 0:14:12]} Qc7 {[%clk 0:12:59]} 10. a4 {[%clk 0:14:14]} Bg4
{[%clk 0:12:42]} 11. Be2 {[%clk 0:14:02]} Nd7 {[%clk 0:12:41]} 12. Nfd2
{[%clk 0:13:55]} Bxe2 {[%clk 0:12:28]} 13. Qxe2 {[%clk 0:13:58]} Bg7
{[%clk 0:11:48]} 14. gxh6 {[%clk 0:14:00]} Bxh6 {[%clk 0:11:39]} 15. f4
{[%clk 0:11:01]} O-O-O {[%clk 0:11:00]} 16. Rf1 {[%clk 0:10:34]} Bg7
{[%clk 0:10:36]} 17. c3 {[%clk 0:10:17]} Rh5 {[%clk 0:07:04]} 18. O-O-O
{[%clk 0:09:08]} Nf6 {[%clk 0:05:42]} 19. g4 {[%clk 0:07:26]} Rh4
{[%clk 0:04:44]} 20. g5 {[%clk 0:06:45]} Nh5 {[%clk 0:04:47]} 21. f5
{[%clk 0:01:38]} Qd7 {[%clk 0:01:49]} 22. Qf2 {[%clk 0:00:54]} Rf4
{[%clk 0:01:30]} 23. Qh2 {[%clk 0:00:57]} Rxf1 {[%clk 0:01:16]} 24. Rxf1
{[%clk 0:01:01]} Rh8 {[%clk 0:00:21]} 25. fxg6 {[%clk 0:00:36]} fxg6
{[%clk 0:00:25]} 26. Rf7 {[%clk 0:00:38]} Rf8 {[%clk 0:00:08]} 27. Rxf8+
{[%clk 0:00:24]} Bxf8 {[%clk 0:00:12]} 28. Qf2 {[%clk 0:00:28]} Qe8
{[%clk 0:00:16]} 29. e5 {[%clk 0:00:26]} Kc7 {[%clk 0:00:14]} 30. Ne4
{[%clk 0:00:24]} Bg7 {[%clk 0:00:12]} 31. exd6+ {[%clk 0:00:22]} exd6
{[%clk 0:00:15]} 32. Nexd6 {[%clk 0:00:16]} Qxa4 {[%clk 0:00:08]} 33. Qf7+
{[%clk 0:00:17]} Qd7 {[%clk 0:00:13]} 34. Qxg6 {[%clk 0:00:12]} Nf4
{[%clk 0:00:12]} 35. Qxg7 {[%clk 0:00:16]} Nxd5 {[%clk 0:00:07]} 36. Qxd7+
{[%clk 0:00:11]} Kxd7 {[%clk 0:00:11]} 37. Nxb7 {[%clk 0:08:05]} Nf4
{[%clk 0:00:09]} 38. Nxc5+ {[%clk 0:00:17]} 1-0

[Event "M?R 2020 v rapid ?achu druzstev"]
[Site "Turnov"]
[Date "2020.09.13"]
[Round "7.4"]
[White "Kucera TUR_B, Petr"]
[Black "Obsivac MOR_A, Josef"]
[Result "1/2-1/2"]
[BlackElo "2257"]
[WhiteElo "2271"]
[LiveChessVersion "1.4.8"]

1. d4 {[%clk 0:15:06]} Nf6 {[%clk 0:15:09]} 2. Bf4 {[%clk 0:15:05]} d5
{[%clk 0:15:06]} 3. e3 {[%clk 0:15:06]} c5 {[%clk 0:15:06]} 4. c3
{[%clk 0:14:46]} Qb6 {[%clk 0:15:08]} 5. Qb3 {[%clk 0:14:39]} c4 {[%clk 0:14:30]}
6. Qxb6 {[%clk 0:14:39]} axb6 {[%clk 0:14:33]} 7. Nd2 {[%clk 0:14:24]} b5
{[%clk 0:14:29]} 8. a3 {[%clk 0:14:24]} Nc6 {[%clk 0:14:26]} 9. Rc1
{[%clk 0:14:17]} Nh5 {[%clk 0:13:15]} 10. Bc7 {[%clk 0:12:50]} Kd7
{[%clk 0:12:26]} 11. Bg3 {[%clk 0:12:52]} Nxg3 {[%clk 0:12:21]} 12. hxg3
{[%clk 0:12:55]} Kc7 {[%clk 0:09:50]} 13. Ngf3 {[%clk 0:12:37]} f6
{[%clk 0:09:30]} 14. Be2 {[%clk 0:11:37]} e6 {[%clk 0:08:23]} 15. e4
{[%clk 0:11:33]} Bd6 {[%clk 0:08:03]} 16. Bd1 {[%clk 0:11:06]} h6
{[%clk 0:07:28]} 17. Bc2 {[%clk 0:10:20]} Re8 {[%clk 0:07:11]} 18. O-O
{[%clk 0:09:52]} Bd7 {[%clk 0:06:47]} 19. Rfe1 {[%clk 0:09:43]} Kb6
{[%clk 0:06:45]} 20. exd5 {[%clk 0:09:26]} exd5 {[%clk 0:06:40]} 21. Bg6
{[%clk 0:09:27]} Rxe1+ {[%clk 0:06:17]} 22. Rxe1 {[%clk 0:09:20]} Ne7
{[%clk 0:05:56]} 23. Bc2 {[%clk 0:07:49]} Re8 {[%clk 0:05:00]} 24. Kf1
{[%clk 0:06:52]} Kc6 {[%clk 0:04:51]} 25. Nh4 {[%clk 0:06:42]} Nc8
{[%clk 0:04:37]} 26. Ng6 {[%clk 0:05:48]} Nb6 {[%clk 0:03:56]} 27. Nf3
{[%clk 0:05:32]} Rxe1+ {[%clk 0:03:35]} 28. Kxe1 {[%clk 0:05:27]} Na4
{[%clk 0:03:05]} 29. Bxa4 {[%clk 0:05:18]} bxa4 {[%clk 0:03:09]} 30. Kd2
{[%clk 0:04:13]} Be8 {[%clk 0:02:51]} 31. Nf4 {[%clk 0:03:38]} Bf7
{[%clk 0:02:39]} 32. Ne1 {[%clk 0:03:28]} g5 {[%clk 0:02:32]} 33. Ne2
{[%clk 0:03:30]} h5 {[%clk 0:02:15]} 34. Nc2 {[%clk 0:03:17]} Kd7
{[%clk 0:02:16]} 35. Ne3 {[%clk 0:03:05]} Ke6 {[%clk 0:02:11]} 36. Ng1
{[%clk 0:02:48]} Bg6 {[%clk 0:02:03]} 37. Nf3 {[%clk 0:02:19]} Be4
{[%clk 0:02:01]} 38. Ke2 {[%clk 0:02:11]} Bf8 {[%clk 0:01:46]} 39. Ne1
{[%clk 0:02:00]} Bh6 {[%clk 0:01:46]} 40. f3 {[%clk 0:01:19]} Bh7
{[%clk 0:01:49]} 41. N1c2 {[%clk 0:01:14]} Bd3+ {[%clk 0:01:36]} 42. Kf2
{[%clk 0:01:01]} Bxc2 {[%clk 0:01:32]} 43. Nxc2 {[%clk 0:01:04]} Bf8
{[%clk 0:01:33]} 44. Ne3 {[%clk 0:00:38]} Bd6 {[%clk 0:01:34]} 45. g4
{[%clk 0:00:24]} h4 {[%clk 0:01:36]} 46. Ke2 {[%clk 0:00:23]} Bf4
{[%clk 0:01:35]} 47. Kf2 {[%clk 0:00:25]} Bxe3+ {[%clk 0:01:25]} 48. Kxe3
{[%clk 0:00:21]} Kd6 {[%clk 0:01:27]} 49. f4 {[%clk 0:00:14]} Ke6
{[%clk 0:01:29]} 50. f5+ {[%clk 0:00:14]} 1/2-1/2